Business Design Thinking and Doing: Frameworks Strategies and Techniques for Sustainable Innovation (Record no. 43386)

MARC details
000 -LEADER
fixed length control field 00549nam a22001697a 4500
005 - DATE AND TIME OF LATEST TRANSACTION
control field 20250325125913.0
008 - FIXED-LENGTH DATA ELEMENTS--GENERAL INFORMATION
fixed length control field 250325b |||||||| |||| 00| 0 eng d
020 ## - INTERNATIONAL STANDARD BOOK NUMBER
International Standard Book Number 9783030864880
041 ## - LANGUAGE CODE
Language code of text/sound track or separate title Eng.
082 ## - DEWEY DECIMAL CLASSIFICATION NUMBER
Classification number 658.05 BEA
100 ## - MAIN ENTRY--PERSONAL NAME
Author Beausoleil, Angle M.
245 ## - TITLE STATEMENT
Title Business Design Thinking and Doing: Frameworks Strategies and Techniques for Sustainable Innovation
260 ## - PUBLICATION, DISTRIBUTION, ETC.
Place Switzerland
Publisher Palgrave Macmillan
Publication Year 2022
300 ## - PHYSICAL DESCRIPTION
Extent 221;. P. 23 cm
650 ## - SUBJECT ADDED ENTRY--TOPICAL TERM
Subject Business-Data Processing; Management; Industrial Management
942 ## - ADDED ENTRY ELEMENTS (KOHA)
Koha item type Books
Holdings
Withdrawn status Lost status Source of classification or shelving scheme Damaged status Not for loan Home library Current library Shelving location Accession Date Vendor Price Bill number Full call number Barcode No Date last seen Discount Bill Date Koha item type Suggested By
    Dewey Decimal Classification     IMTN IMTN Rack 20-B 03/18/2025 Raghav Books Private Limited 4193.07 2374 658.05 BEA 33677 03/25/2025 33 02/14/2025 Books Dr. Rajnandan Patnaik
Designed & Maintained by: LRC IMT Nagpur Contact: lrc@imtnag.ac.in© 2024. All Rights Reserved.